| 000 | 01080nam a22002777a 4500 | ||
|---|---|---|---|
| 003 | OSt | ||
| 005 | 20250826111139.0 | ||
| 008 | 250728b |||||||| |||| 00| 0 eng d | ||
| 020 | _a9780300226904 (Paperback) | ||
| 024 | _cUSD 20.00 | ||
| 040 |
_aNUST _beng _cNUST _dNUST _erda |
||
| 050 | _aHD9539.R32 ABR | ||
| 100 |
_aAbraham, David S. _eAuthor |
||
| 245 |
_aThe elements of power : _bgadgets, guns, and the struggle for a sustainable future in the rare metal age / _cDavid S. Abraham. |
||
| 260 |
_aNew Haven : _bYale University Press, _c©2015. |
||
| 300 |
_axiv, 319 pages : _bIllustrations ; _c22 cm. |
||
| 336 |
_2rdacontent _atext _btxt |
||
| 337 |
_2rdamedia _aunmediated _bn |
||
| 338 |
_2rdacarrier _avolume _bnc |
||
| 504 | _aIncludes bibliographical references and index. | ||
| 650 | _aBusiness and economics / Development / Sustainable. | ||
| 650 | _aDevelopment. | ||
| 650 | _aBusiness and economics / Economic history. | ||
| 650 | _aBusiness and economics / Industries / Manufacturing. | ||
| 942 |
_2lcc _cBOOKS _hHD9539.R32 ABR _kHD _mABR _n0 |
||
| 999 |
_c172295 _d172295 |
||